000 00246nam a2200097Ia 4500
001 683110
005 20250826161431.0
008 250824s9999 xx 000 0 und d
245 0 _aYAVUZ SULTAN SELİM
_cMUSTAFA ARMAĞAN
260 _bTİMAŞ YAYINLARI
999 _c683110
_d683110